000 00527cam a2200181 4500500
005 20260405003307.0
041 _afre
042 _adc
100 1 0 _aGoron, Gaëtan
_eauthor
245 0 0 _aPhilocroisés #69
260 _c2021.
500 _a7
690 _aGaëtan Goron
690 _aJeu
690 _aMots croisés
786 0 _nPhilosophie magazine | 149 | 5 | 2021-05-01 | p. 103-103 | 1951-1787
856 4 1 _uhttps://shs.cairn.info/magazine-philosophie-magazine-2021-5-page-103?lang=fr&redirect-ssocas=7080
999 _c2066213
_d2066213